[Event "BRA-ch U26"]
[Site "Joinville"]
[Date "2023.10.11"]
[Round "4"]
[White "Maffini, Victor De Lima"]
[Black "Guimaraes, Ricardo B Azevedo"]
[Result "1/2-1/2"]
[WhiteElo "1797"]
[BlackElo "1800"]
[PlyCount "125"]
[EventDate "2023.10.09"]
[EventType "swiss"]
[EventRounds "6"]
[EventCountry "BRA"]
[SourceTitle "CBM 216 Extra"]
[Source "ChessBase"]
[SourceDate "2023.11.30"]
[SourceVersion "1"]
[SourceVersionDate "2023.11.30"]
[SourceQuality "1"]

1. d4 Nf6 2. Nf3 g6 3. c4 Bg7 4. Nc3 0-0 5. Bg5 d6 6. e3 c5 7. Be2 h6 8. Bh4 g5 9. Bg3 Bf5 10. h3 Nbd7 11. 0-0 Ne4 12. Nxe4 Bxe4 13. Nd2 Bg6 14. Nb3 Qb6 15. Bd3 Bxd3 16. Qxd3 a5 17. Rab1 a4 18. dxc5 Nxc5 19. Nxc5 Qxc5 20. Rfc1 Rfc8 21. b4 axb3 22. Rxb3 Rxa2 23. Rxb7 Bf6 24. Qb3 Rb2 25. Qxb2 Bxb2 26. Rxb2 Qa3 27. Rbc2 Rc5 28. e4 f6 29. f3 Kf7 30. Rc3 Qa6 31. Bf2 Rc6 32. Bd4 Qc8 33. Kf2 h5 34. c5 dxc5 35. Rxc5 Rxc5 36. Rxc5 Qe6 37. Rd5 Qa6 38. Kg1 Qe2 39. Kh2 g4 40. hxg4 hxg4 41. Kg3 gxf3 42. gxf3 Qe1+ 43. Bf2 Qc1 44. Rc5 Qh6 45. Kg2 e5 46. Kf1 Kg6 47. Ke2 Qf8 48. Rd5 Qa3 49. Be3 f5 50. exf5+ Kxf5 51. Rd3 Qa6 52. Kd2 Qa2+ 53. Ke1 Qg2 54. Bf2 Kf4 55. Re3 Qg6 56. Kf1 Kf5 57. Ke2 Ke6 58. Rc3 Qe8 59. Re3 Qb5+ 60. Ke1 Kf5 61. Bg3 Qb1+ 62. Kf2 Qc2+ 63. Re2 1/2-1/2

[Event "BRA-ch U26"]
[Site "Joinville"]
[Date "2023.10.10"]
[Round "2"]
[White "Maffini, Victor De Lima"]
[Black "Vieira, Jeziel Do Vale"]
[Result "1/2-1/2"]
[WhiteElo "1797"]
[BlackElo "2044"]
[PlyCount "146"]
[EventDate "2023.10.09"]
[EventType "swiss"]
[EventRounds "6"]
[EventCountry "BRA"]
[SourceTitle "CBM 216 Extra"]
[Source "ChessBase"]
[SourceDate "2023.11.30"]
[SourceVersion "1"]
[SourceVersionDate "2023.11.30"]
[SourceQuality "1"]

1. d4 Nf6 2. Nf3 g6 3. c4 Bg7 4. Bg5 0-0 5. Nc3 d6 6. e3 c5 7. Be2 Bf5 8. 0-0 h6 9. Bh4 g5 10. Bg3 Ne4 11. Nxe4 Bxe4 12. Nd2 Bg6 13. Bf3 Qb6 14. Nb3 Nc6 15. dxc5 dxc5 16. Qd5 Bxb2 17. Nxc5 Rfd8 18. Nd7 Qa5 19. Qb5 Qxb5 20. cxb5 Na5 21. Rad1 Rac8 22. Nf6+ Bxf6 23. Rxd8+ Rxd8 24. Bc7 Rd2 25. Bxa5 Rxa2 26. Bc7 b6 27. e4 Bd4 28. h3 Kf8 29. Rd1 e5 30. Bb8 Bxf2+ 31. Kf1 Bd4 32. Rc1 Ra1 33. Rxa1 Bxa1 34. Ke2 h5 35. Kd3 Ke7 36. Bxa7 Bd4 37. Bd1 Kd6 38. Bb3 Kc5 39. Bb8 f5 40. Bd5 Kxb5 41. Bd6 fxe4+ 42. Bxe4 Bxe4+ 43. Kxe4 Kc4 44. Kf5 Kd3 45. Kxg5 e4 46. g4 hxg4 47. hxg4 e3 48. Bg3 Kd2 49. Kf4 e2 50. Ke4 Bh8 51. Kd5 Ke3 52. g5 Kf3 53. Be1 Kg4 54. g6 Kg5 55. Kc6 Kxg6 56. Kxb6 Kf5 57. Kc5 Ke4 58. Kc4 Ke3 59. Ba5 Be5 60. Bb4 Kf2 61. Kd3 Kf1 62. Ke3 Bg3 63. Kf3 Be1 64. Bd6 Bd2 65. Bg3 Bc3 66. Bh4 Bf6 67. Bg3 Bg5 68. Bf2 Bf6 69. Bg3 Bd4 70. Bh4 Bg1 71. Bg3 Bh2 72. Bh4 e1Q 73. Bxe1 Kxe1 1/2-1/2

[Event "BRA-ch U26"]
[Site "Joinville"]
[Date "2023.10.09"]
[Round "1"]
[White "Barros Gomez, Paulo Henrique"]
[Black "Maffini, Victor De Lima"]
[Result "0-1"]
[WhiteElo "1800"]
[BlackElo "1797"]
[PlyCount "42"]
[EventDate "2023.10.09"]
[EventType "swiss"]
[EventRounds "6"]
[EventCountry "BRA"]
[SourceTitle "CBM 216 Extra"]
[Source "ChessBase"]
[SourceDate "2023.11.30"]
[SourceVersion "1"]
[SourceVersionDate "2023.11.30"]
[SourceQuality "1"]

1. e4 c6 2. Nf3 d5 3. e5 Bf5 4. d4 e6 5. Be3 Nd7 6. Nc3 Rc8 7. Nh4 Qxh4 8. Qd2 Qd8 9. Be2 Ne7 10. g4 Bg6 11. 0-0-0 a6 12. h4 h5 13. Rdg1 c5 14. Qd1 cxd4 15. Bxd4 Nc6 16. gxh5 Bf5 17. Be3 Nc5 18. a3 d4 19. f4 dxc3 20. Bxc5 cxb2+ 21. Kxb2 Qa5 0-1

[Event "Santa Maria SMXC Cup-A 6th"]
[Site "Santa Maria de Jetiba"]
[Date "2020.05.31"]
[Round "12"]
[White "Maffini, Victor De Lima"]
[Black "Moreira, Etchiel Ribeiro"]
[Result "1-0"]
[WhiteElo "1894"]
[BlackElo "1772"]
[PlyCount "103"]
[EventDate "2019.12.21"]
[EventType "tourn"]
[EventRounds "14"]
[EventCountry "BRA"]
[SourceTitle "EXT 2022"]
[Source "ChessBase"]
[SourceDate "2021.10.06"]
[SourceVersion "1"]
[SourceVersionDate "2021.10.06"]
[SourceQuality "1"]

1. d4 Nf6 2. Nf3 g6 3. Bf4 Bg7 4. e3 d6 5. Be2 0-0 6. 0-0 Nfd7 7. c3 e5 8. Bg3 Nc6 9. Nbd2 Re8 10. d5 Ne7 11. e4 f5 12. Ng5 Nf6 13. f3 h6 14. Ne6 Bxe6 15. dxe6 f4 16. Bf2 d5 17. Qb3 Rb8 18. Rad1 Qc8 19. exd5 Nexd5 20. Bc4 c6 21. Ne4 Nxe4 22. fxe4 Nf6 23. e7+ Kh7 24. Bxa7 Rxe7 25. Bxb8 Qxb8 26. h3 b5 27. Bd3 Nh5 28. a4 Rb7 29. axb5 cxb5 30. Ra1 Ng3 31. Rfe1 b4 32. Qd5 bxc3 33. bxc3 Rb2 34. Ra8 Qb6+ 35. Kh2 h5 36. Ra6 Qf2 37. Rg1 Ne2 38. Bxe2 Rxe2 39. Qf7 Qg3+ 40. Kh1 Re1 41. Ra1 Rxg1+ 42. Rxg1 Qxc3 43. Qd5 Qg3 44. Qd1 Kh6 45. Rf1 g5 46. Qd7 Qe3 47. Qe6+ Kh7 48. Qf5+ Kg8 49. Rd1 Qb6 50. Qxg5 Qh6 51. Qd8+ Kh7 52. Rd6 1-0

[Event "Santa Maria 1st"]
[Site "Santa Maria de Jetiba"]
[Date "2020.03.15"]
[Round "4"]
[White "Maffini, Victor De Lima"]
[Black "Basilio, Romulo Augusto Beta"]
[Result "1-0"]
[WhiteElo "1800"]
[BlackElo "1800"]
[PlyCount "91"]
[EventDate "2020.03.14"]
[EventType "tourn"]
[EventRounds "11"]
[EventCountry "BRA"]
[SourceTitle "CBM 195 Extra"]
[Source "ChessBase"]
[SourceDate "2020.05.31"]
[SourceVersion "1"]
[SourceVersionDate "2020.05.31"]
[SourceQuality "1"]

1. d4 e6 2. Nf3 Nf6 3. Bf4 Nc6 4. e3 Bd6 5. c3 0-0 6. Nbd2 a6 7. Bg5 b5 8. e4 e5 9. dxe5 Nxe5 10. Nxe5 Bxe5 11. f4 Qe7 12. fxe5 Qxe5 13. Bxf6 Qxf6 14. Qf3 Re8 15. Qxf6 gxf6 16. Bd3 c6 17. 0-0 Re6 18. Rae1 d5 19. exd5 cxd5 20. Rxe6 Bxe6 21. Rxf6 Rd8 22. Rf4 f5 23. Bxf5 Bxf5 24. Rxf5 d4 25. cxd4 Rxd4 26. Rf2 a5 27. Kf1 a4 28. Ke2 b4 29. Ke3 Rd6 30. Rf4 Re6+ 31. Re4 Rb6 32. b3 a3 33. g4 Kg7 34. h4 h6 35. Nc4 Rg6 36. h5 Rf6 37. Nd2 Rb6 38. Kd3 Kf6 39. Kc4 Rd6 40. Rd4 Re6 41. Kxb4 Kg5 42. Kxa3 Rf6 43. Ne4+ Kf4 44. Nxf6+ Ke5 45. Rc4 Kxf6 46. b4 1-0

[Event "Santa Maria 1st"]
[Site "Santa Maria de Jetiba"]
[Date "2020.03.15"]
[Round "3"]
[White "Maffini, Victor De Lima"]
[Black "Medeiros, Leonardo Paz"]
[Result "0-1"]
[WhiteElo "1800"]
[BlackElo "1800"]
[PlyCount "128"]
[EventDate "2020.03.14"]
[EventType "tourn"]
[EventRounds "11"]
[EventCountry "BRA"]
[SourceTitle "CBM 195 Extra"]
[Source "ChessBase"]
[SourceDate "2020.05.31"]
[SourceVersion "1"]
[SourceVersionDate "2020.05.31"]
[SourceQuality "1"]

1. d4 Nf6 2. Nf3 g6 3. c4 Bg7 4. Nc3 0-0 5. Bg5 d6 6. Qc1 Nbd7 7. Bh6 e5 8. Bxg7 Kxg7 9. dxe5 Nxe5 10. Nxe5 dxe5 11. e3 Bf5 12. Be2 c6 13. 0-0 Qc7 14. f3 h5 15. e4 Be6 16. Qe3 h4 17. b3 Nh5 18. Bd3 Nf4 19. Bc2 Rh8 20. Rae1 Rh5 21. Ne2 Rah8 22. Nxf4 exf4 23. Qc3+ Kg8 24. Kf2 h3 25. g3 fxg3+ 26. hxg3 h2 27. Rh1 Rh3 28. e5 Qe7 29. f4 R8h4 30. Re3 Rh8 31. Be4 Qa3 32. Bg2 R3h7 33. Re2 Kg7 34. Rd2 a5 35. c5 Qb4 36. Qe3 a4 37. Bf3 axb3 38. axb3 Ra8 39. Kg2 Ra3 40. f5 Bxf5 41. e6 fxe6 42. Qe5+ Kf7 43. Rd7+ Ke8 44. Rxh7 Ra2+ 45. Be2 Qe4+ 46. Qxe4 Bxe4+ 47. Kf2 Bxh1 48. Rxh2 Bd5 49. b4 Bc4 50. Ke3 Rxe2+ 51. Rxe2 Bxe2 52. Kxe2 Ke7 53. Ke3 Kf6 54. Kf4 e5+ 55. Ke4 g5 56. g4 Ke6 57. Ke3 Kd5 58. Kd3 e4+ 59. Kc3 e3 60. Kd3 e2 61. Kxe2 Kc4 62. Ke3 Kxb4 63. Ke4 Kxc5 64. Kf5 b5 0-1

[Event "Santa Maria SMXC Cup-A 6th"]
[Site "Santa Maria de Jetiba"]
[Date "2020.02.29"]
[Round "6"]
[White "Domingues, Michel Da Cruz"]
[Black "Maffini, Victor De Lima"]
[Result "1/2-1/2"]
[WhiteElo "1809"]
[BlackElo "1894"]
[PlyCount "110"]
[EventDate "2019.12.21"]
[EventType "tourn"]
[EventRounds "14"]
[EventCountry "BRA"]
[SourceTitle "EXT 2021"]
[Source "ChessBase"]
[SourceDate "2020.10.23"]
[SourceVersion "1"]
[SourceVersionDate "2020.10.23"]
[SourceQuality "1"]

1. d4 Nf6 2. Bf4 g6 3. h3 Bg7 4. e3 0-0 5. Nd2 d5 6. Ngf3 c5 7. c3 Nc6 8. Be2 b6 9. 0-0 Bb7 10. Rc1 Rc8 11. Bh2 e6 12. a3 a6 13. Bd3 cxd4 14. exd4 b5 15. Nb3 Nd7 16. Bd6 Re8 17. Re1 e5 18. dxe5 Ncxe5 19. Bxe5 Nxe5 20. Nxe5 Rxe5 21. Qd2 Qd6 22. Na5 Ba8 23. Nb3 Rce8 24. Rxe5 Rxe5 25. Nd4 Bb7 26. Bc2 Qe7 27. Kf1 h5 28. Re1 Rxe1+ 29. Qxe1 Qxe1+ 30. Kxe1 Bh6 31. Ne2 d4 32. f3 dxc3 33. Nxc3 Bc1 34. Nd1 Bd5 35. Ke2 Bc4+ 36. Ke1 a5 37. b3 Be6 38. a4 b4 39. Ke2 Kg7 40. Nf2 Bb2 41. Kd3 f5 42. Nd1 Bf6 43. Ne3 g5 44. Nc4 Bd8 45. Kd4 Kf6 46. Kc5 Bxc4 47. Kxc4 Ke5 48. Kd3 Bb6 49. Bd1 Kf4 50. Ke2 Kg3 51. Kf1 g4 52. fxg4 hxg4 53. hxg4 fxg4 54. Be2 Be3 55. Bc4 Kf4 1/2-1/2